000
00261nam a2200097Ia 4500
008
241105s9999 xx 000 0 und d
041
_a
eng
100
_a
Koshti Pooja
_9
182570
245
_a
Three Star Hotel At Undri Pune
260
_b
Final Year B. Arch, BNCA
_c
2014
999
_c
360861
_d
360861